000 00593nam a2200229Ia 4500
003 OSt
005 20221007071604.0
006 a|||||r|||| 00| 0
007 ta
008 221006b |||||||| |||| 00| 0 eng d
024 _a12,908
037 _cTextual
040 _aFLL
_cFLL
_beng
041 _2eng
_aeng
082 _aV58:1:N5, K3
100 _aRupert Raphael Au.
_9689047
245 0 _aHidden world
260 _aLondon
_bCollins pub. London
_c1963
300 _a220p
_ccm.
942 _hV58:1:N5, K3
_cTEXL
_2CC
999 _c1143744
_d1143744